[Event "Bundesliga 1011"]
[Site "Germany"]
[Date "2011.03.20"]
[Round "13.4"]
[White "Werle, Jan"]
[Black "Le, Quang Liem"]
[Result "1/2-1/2"]
[WhiteElo "2574"]
[BlackElo "2694"]
[Annotator "Le Quang/Meyer,CD"]
[PlyCount "95"]
[EventDate "2010.10.09"]
[EventType "team-tourn"]
[EventRounds "15"]
[EventCountry "GER"]
[SourceTitle "CBM 142"]
[Source "ChessBase"]
[SourceDate "2011.05.17"]
[SourceVersion "1"]
[SourceVersionDate "2011.05.17"]
[SourceQuality "1"]
[WhiteTeam "Solingen"]
[BlackTeam "Werder Bremen"]
[WhiteTeamCountry "GER"]
[BlackTeamCountry "GER"]

1. d4 Nf6 2. c4 g6 3. Nc3 d5 4. cxd5 Nxd5 5. e4 Nxc3 6. bxc3 Bg7 7. Bc4 c5 8.
Ne2 Nc6 9. Be3 O-O 10. O-O Bd7 11. Rb1 Qc7 12. Bf4 Qc8 13. d5 Na5 14. Bd3 e5
15. Bd2 f5 (15... c4 16. Bc2 b6 {is another possibility for Black} 17. f4 f6 (
17... Qc5+ 18. Kh1 f6 19. Ng3 exf4 20. Bxf4 Nb7 21. Qd2 Rae8 22. Rbe1 Qa3 23.
Ne2 b5 24. Nd4 Nd8 25. Bd1 {1/2-1/2 Pappier,C (2409)-Rocca,H (2467)/ICCF email
2007/Corr 2008}) 18. Be3 Nb7 19. f5 Nd6 20. Ng3 $14 {Berczes,D (2453) - Bartel,
M (2588, Plovdiv 2008}) 16. exf5 c4 17. f6 {'?' Le Quang,Liem.} ({Better is} 
17. Bc2 gxf5 18. Bg5 Qc5 19. Ng3 $14 {with some attacking chances on the
kingside.}) 17... cxd3 18. fxg7 Kxg7 19. Ng3 ({I} 19. c4 Qxc4 $1 (19... dxe2 $2
20. Qxe2 Nxc4 21. Rfc1 b5 22. Rxc4 $1 Qxc4 23. Qxe5+ Rf6 24. Bc3 Raf8 25. Qe7+
$16) 20. Nc1 Qxd5 21. Bxa5 Bc6 22. Qg4 Qxa5 23. Nxd3 Rad8 $17) ({II Probably
the best defence is} 19. Nc1 $5 Bf5 20. Bg5 Qd7 $15) 19... Qc4 20. Qc1 Kg8 21.
Bh6 Rf7 22. Rb4 Qxd5 23. c4 Qc6 24. Qc3 Be6 25. c5 Qd5 26. Rd1 Rd8 27. Bg5 Rdd7
28. Ra4 Nc6 {'?!' Le Quang,Liem: 'After this mistake, it was not so easy to
convert the advantage anymore. True, Black is a pawn up, but White has a solid
position that gives him some chances to hold.'} (28... Nc4 $1 {is much better}
29. Nf1 (29. Rxa7 Rxf2 $1 {I simply missed this idea.}) 29... Qxc5 30. Be3 Qc6
31. Rxa7 Nxe3 32. Ra8+ Rf8 33. Rxf8+ Kxf8 34. Qb4+ Qd6 35. Qxd6+ Rxd6 36. Nxe3
e4 $19 {and Black is winning}) 29. h4 h5 30. Be3 Bf5 31. f3 Kh7 32. Kh2 Nd4 33.
Bxd4 exd4 34. Qc1 Qe5 35. Rxa7 Rc7 36. Qg5 Rxc5 37. Ra8 Rd5 38. Kh1 Qe3 39. Nf1
{'?!' Le Quang,Liem.} Qe2 40. Qd2 {'?' Le Quang,Liem.} (40. Qf4 {may be the
only chance, but White is worse anyway.}) 40... Bh3 $5 ({Schön und stark, aber
ziemlich kompliziert, während das schmucklose} 40... Rc5 {/\Rc2 es auch getan
hätte, z.B.} 41. Re1 (41. Ng3 Qxd2 42. Rxd2 Rc2 43. Nf1 (43. Rd1 Rfc7) 43...
Re7) 41... Qxd2 42. Nxd2 Rc2 43. Rd1 Rfc7 $19) 41. Re1 {Le Quang,Liem: 'My
opponent found an interesting defensive idea. Objectively speaking, Black
should win, but the very tricky variations require perfect calculation.'} (41.
gxh3 Qxf3+ (41... Rxf3 {is also good)}) 42. Kg1 (42. Kh2 Rc5 43. Qxd3 Qf2+ 44.
Kh1 Rc3) (42. Qg2 Qxd1) 42... Re5 43. Qxd3 (43. Rc1 Qf6 (43... Re2 $2 44. Rh8+
$1 $11) 44. Qh2 Rf5) 43... Qf2+ 44. Kh1 Re1 45. Rxe1 Qxe1 46. Kg1 Qf2+ 47. Kh1
Rf3 $19) 41... Bxg2+ 42. Kh2 Re7 $2 {Le Quang,Liem: 'After losing most of the
advantage and working hard to regain a winning position, I blundered a second
time.'} ({I was spending lots of time over the board trying to find the
difference between this move and the one I played, and thought that 42...Re7
would be a better move.  Schade! Der falsche Turm, die 7. Reihe mußte gedeckt
bleiben. Dagegen gewannen: I} 42... Re5 {'!' Le Quang,Liem: 'This move is
indeed winning, provided accurate play.'} 43. Rxe2 dxe2 44. Ne3 Bxf3 {'!'
'There arises a funny position. Black cannot take on e3 immediately if he is
on move, but on the other hand White does not have a single useful move. Any
White's move would worsen his position.'} (44... e1=Q $4 45. Qxe1 Bxf3 46. Qg3
Rxe3 47. Qb8 $18) {, und nun z.B.:} 45. Nc2 (45. Kg3 e1=Q+ 46. Qxe1 Rxe3 $19
47. Qd2 Bc6+ 48. Kh2 Rf4 $19) (45. Rc8 Bc6 $1 (45... dxe3 $4 46. Qd8 $18) 46.
Qxe2 (46. Nc2 Rf2+ 47. Kg3 Rg2+ 48. Kh3 e1=Q $19) 46... dxe3 47. Qc4 Ref5 $19)
(45. Rd8 dxe3 46. Qc3 e1=Q 47. Qxe1 e2 $19) (45. a4 Bc6 46. Nc2 Re4 $19) (45.
Qc1 Bc6 46. Nc2 Rf1 47. Qd2 Rf2+ 48. Kg3 Rg2+ 49. Kh3 e1=Q $19) (45. Ra3 Rfe7
46. Nc2 (46. Ra8 e1=Q 47. Qxe1 Rxe3 48. Qb4 Re2+ 49. Kg3 (49. Kg1 Rc7 50. Qa3
Bd5 51. Kf1 Rcc2) 49... Bc6 50. Qxd4 R7e3+) 46... e1=Q 47. Nxe1 (47. Qxe1 Rxe1
48. Nxe1 Be2 $19 {ist Zugumstellung}) 47... Re2+ 48. Qxe2 Bxe2 $19) (45. Z0 {
Schwarz droht zwar nicht den Ne3 zu schlagen, aber auf e1 umzuwandeln:} e1=Q (
45... dxe3 $4 46. Qd8 $18) (45... Rxe3 $4 46. Qxd4 $18) 46. Qxe1 Rxe3 47. Qb4
Re2+ 48. Kg3 Bc6 49. Rf8 Rfe7 $19) 45... e1=Q 46. Nxe1 Re2+ 47. Qxe2 Bxe2 $19)
({II} 42... Bxf3+ 43. Rxe2 dxe2 44. Ne3 Re5 {mit Zugumstellung zur obigen
Variante (42...Re5/44...Bxf3)}) 43. Rxe2 dxe2 44. Ne3 Rxe3 (44... Bxf3 $2 45.
Qb4 Rde5 46. Nc2 d3 47. Ne1 Bd5 48. Qd4) 45. Qb4 $8 $11 {!, den hatte der
Vietnamese schlicht übersehen: Es droht sowohl Qxb7+ nebst Matt sowie das
Remisopfer auf h8 nebst Dauerschach, und Letzteres ist nicht abzuwenden.} e1=Q
46. Rh8+ $8 {Le Quang,Liem: 'I missed this simple move when I played 42...Re7'}
Kxh8 47. Qf8+ Kh7 48. Qf7+ {Le Quang,Liem: 'And so my opponent escaped with a
perpetual check!'} 1/2-1/2

[Event "EU-ch 12th"]
[Site "Aix les Bains"]
[Date "2011.03.28"]
[Round "7"]
[White "Zude, Erik"]
[Black "Sedlak, Nikola"]
[Result "0-1"]
[WhiteElo "2409"]
[BlackElo "2556"]
[Annotator "Marchand,A/Primel,D"]
[PlyCount "66"]
[EventDate "2011.03.22"]
[EventType "swiss"]
[EventRounds "11"]
[EventCountry "FRA"]
[SourceTitle "CBM 142 Extra"]
[Source "ChessBase"]
[SourceDate "2011.06.27"]
[SourceVersion "1"]
[SourceVersionDate "2011.06.27"]
[SourceQuality "1"]
[TimeControl "40/5400+30:1800+30"]

1. d4 Nf6 2. c4 g6 3. Nc3 d5 4. cxd5 Nxd5 5. e4 Nxc3 6. bxc3 Bg7 7. Bc4 {92} c5
{92} 8. Ne2 O-O 9. O-O Nc6 10. Be3 Qc7 (10... cxd4 11. cxd4 Qa5 (11... Bg4 12.
f3 Na5 13. Bd5 (13. Bd3) (13. Bxf7+)) (11... Na5 12. Bd3 b6 13. Rc1 e5 14. d5))
(10... Bd7 11. Rc1 Rc8 12. Qd2 (12. d5 Ne5 13. Bb3) 12... Qa5 13. d5 Ne5 14.
Bb3 c4 15. Bc2 e6 16. Rb1 b6 17. f4 Ng4) (10... Na5 11. Bd3 b6 12. Rc1 (12. Qa4
{Bronstein,D-Kortschnoj,V Belgrade 1964 (15) 1-0}) 12... e5 (12... cxd4 13.
cxd4 e6 14. Qd2 Bb7 15. h4) 13. dxe5 (13. dxc5) 13... Be6) 11. Rc1 Rd8 12. Bf4
Qd7 13. dxc5 (13. d5 {La grande ligne} Na5 14. Bd3 e5 15. Bg5 Rf8 16. Qd2 f5
17. c4 b6 18. f4 Ba6 19. fxe5 fxe4 20. e6 $36 {Gruenberg,H (2475)-Gutman,L 
(2535) GMA op Moscow 1989 (5) 1-0}) 13... Qe8 14. Bd5 {92} Ne5 {88} 15. Qb3 {
68 Fin de la préparation des Blancs} ({RR} 15. Nd4 e6 16. Bb3 Qe7 17. Be3 b6
18. cxb6 Ba6 19. c4 Qb7 20. Qe2 axb6 21. Nb5 Nc6 22. f3 Bxb5 23. cxb5 Nd4 24.
Qf2 Nxb3 25. axb3 Rd3 26. Bxb6 Qd7 27. Kh1 Qxb5 28. Qe2 Rxb3 29. Qxb5 Rxb5 {
Grischuk,A (2746)-Nepomniachtchi,I (2711)/Moscow 2011/Mega2011 Update 34/1/2-1/
2 (40)}) 15... e6 {87} 16. Bxe5 {60} Bxe5 {84} 17. f4 $146 ({RR} 17. Bxb7 Rb8
18. c6 Bxb7 19. cxb7 Qc6 20. Nd4 Qc7 21. Rb1 Rd7 22. Nf3 Bf6 23. c4 Be7 24. Qa4
Rxb7 25. Rxb7 Qxb7 26. Ne5 Rd2 27. Qe8+ Bf8 28. c5 Qc7 29. Nf3 Rd8 30. Qb5 Qxc5
31. Qxc5 Bxc5 {Feller,S (2476)-Popovic,P (2474)/Belgium 2007/CBM 120 ext/1/2-1/
2 (51)}) 17... Bc7 {64 La nouveauté a surpris les Noirs} 18. Bxb7 $6 {Risqué} (
18. Nd4 $5 {Tentant de profiter de l'avance de développement} exd5 19. exd5 {
[%cal Gd5d6,Gf4f5]} Qe3+ (19... Bxf4 {[%cal Ge8e3]} 20. Rce1 $1 Be5 21. d6 $44
{[%csl Ra8,Rb7,Rc8,Re5,Rf7] Il est très difficile pour les Noirs de terminer
le développement} (21. c6) 21... Be6) 20. Kh1 Bxf4 $2 (20... Bg4 21. d6 Ba5 22.
f5 $44 {[%cal Gf1f7,Gb3b7,Gb3f7]}) (20... Ba5 21. d6 (21. c6) 21... Rf8 {
[%csl Rf7]} 22. f5 $44) 21. Rce1) 18... Rb8 $44 {[%csl Rb3,Rb7][%cal Gb8b3]}
19. c6 {L'idée de Bb7 mais le soutien du P"c6" sera insuffisant} Bxb7 $1 20.
cxb7 {49 Le P"b7" va manquer de soutien} Qc6 {[%cal Gc6e4,Gc6b7] 71} 21. Qc2
Rxb7 22. e5 (22. Kh1 $142 Bb6 23. f5 $13 {[%csl Re6,Rg8][%cal Ge2f4,Gf4h5,
Gf4e6,Gc2f2]}) 22... Bb6+ 23. Kh1 Rbd7 $1 24. Ng3 {[%cal Gg3e4,Ge4f6]} Rd2 $40
25. Qe4 Qc7 26. Qa4 Qb7 27. Ne4 {19} Re2 {46} 28. Rce1 $4 {14 Les Blancs
avaient pourtant encore assez de temps а la pendule} Rdd2 29. Qb4 Kg7 30. Rg1
Bxg1 31. Qxb7 Rxe1 32. h4 Be3+ 33. Kh2 Bxf4+ 0-1

[Event "World Chess Challenge"]
[Site "Sofia"]
[Date "2009.02.17"]
[Round "1"]
[White "Topalov, Veselin"]
[Black "Kamsky, Gata"]
[Result "1/2-1/2"]
[WhiteElo "2796"]
[BlackElo "2725"]
[Annotator "Marin,M"]
[PlyCount "72"]
[EventDate "2009.02.17"]
[EventType "match"]
[EventRounds "7"]
[EventCountry "BUL"]
[SourceTitle "CBM 129"]
[Source "ChessBase"]
[SourceDate "2009.03.25"]
[SourceVersion "1"]
[SourceVersionDate "2009.03.25"]
[SourceQuality "1"]

1. d4 Nf6 2. c4 g6 3. Nc3 d5 {Kamsky's love affair with the Gruenfeld Defence
dates back a long time. Among his collection of scalps in this opening, we can
find the name of the 12th World Champion, Anatoly Karpov. If we add the fact
that one of Kamsky's seconds, Emil Sutovsky, is an outstanding specialist of
the Gruenfeld, the opening choice hardly was a surprise for Topalov.} 4. cxd5
Nxd5 5. e4 Nxc3 6. bxc3 Bg7 7. Bc4 c5 ({Some time ago, I extensively analysed
with my trainer and collaborator IM Valentin Stoica the following (then
unplayed) variation:} 7... O-O 8. Ne2 Nc6 9. O-O e5 10. Be3 Na5 11. Bd3 b6 12.
Qd2 c5 {I did not get a chance to use the fruits of my analysis, but was
surprised to see that this specific position all of a sudden became the
subject of theoretical and practical dispute at a high level.}) 8. Ne2 Nc6 9.
Be3 O-O 10. O-O {The classical line is Topalov's invariable choice against the
Gruenfeld. In the past, this variation has been seen on the occasion of
historic matches between Botvinnik and Smyslov or between Kasparov and Karpov.
Also, it twice led the legendary Fischer to defeat against Spassky, but that
was before their "Match of the Century". The main idea of this system is to
build up a strong centre, which cannot be destroyed easily, but the course of
this game will be rather non-typical for this traditional perception.} Na5 11.
Bd3 b6 12. Qd2 e5 {We have transposed back to "my" line. Kamsky had tried it
last year against Topalov's second, Cheparinov, which makes the game very
intriguing from a psychological point of view.} 13. Bh6 {I must admit that
this was the only move I had failed to analyse.} ({Together with Stoica, we
reached the conclusion that} 13. dxc5 Be6 {offers Black excellent compensation.
The folowing game sustains this point of view.} 14. Rfd1 Qc7 15. cxb6 axb6 16.
Bh6 Rfd8 17. Bxg7 Kxg7 {Black has excellent compensation for the pawn in view
of White's queenside weaknesses and badly placed minor pieces.} 18. Qe3 Bxa2 $1
{[%cal Ga1a2,Ga5c4] Ni Hua (2703)-Navara,D (2672)/Dagomys 2008/CBM 124 (0-1,
29). This simple trick retrieves the pawn for Black, leaving him with an
excellent position.}) ({Our main line went} 13. dxe5 Be6 {Kamsky had had this
position prior to the Sofia match.} 14. Rad1 ({After} 14. f4 Nc4 15. Bxc4 Qxd2
16. Bxd2 Bxc4 {White's knight is very passive and the queenside rather weak.})
({According to our analysis, the critical line is} 14. Bg5) 14... Nc4 15. Bxc4
Bxc4 16. f4 Qe7 17. Qc2 Rad8 {Navara,D (2646)-Kamsky,G (2723)/Sochi 2008/CBM
126 (0-1, 40). White's chronic queenside weaknesses and the passivity of his
minor pieces (to be compared with the c4-bishop) offer Black long-term
compensation. White's problem is that he cannot arrange to play f4-f5 easily,
because this would lose the extra pawn and open up the g7-bishop.}) (13. d5 {
releases the tension too early and offers Black good play after} f5 {This is
how the game Nielsen,P (2644)-Ivanchuk,V (2729)/Monte Carlo 2006/CBM 111 ext 
(1/2, 53) continued. It was the first game in which this line was played and
the only one previous to my joint analysis with Stoica. To tell the truth, I
had not noticed it, maybe because I was examining another move order in the
opening.}) 13... cxd4 14. Bxg7 Kxg7 15. cxd4 exd4 16. f4 f6 {The situation has
changed dramatically over the past few moves. There is almost nothing left
from White's centre, but Black is slightly underdeveloped and his king is
vulnerable.} 17. e5 ({This is a novelty over the aforementioned game 
(Cheparinov,I (2687)-Kamsky,G (2723)/Sochi 2008/CBM 126/[Krasenkow] (1-0, 41)),
where} 17. Rac1 {was played. Until this moment, Topalov had spend only three
minutes. As a reaction to the novelty, Kamsky sank into prolonged thought, and
played his move when he had only 50 minutes left on the clock.}) 17... Bd7 $5 (
{What makes the Gruenfeld so easy and difficult at the same time is the
practically unlimited choice on virtually each move. It is clear that Black
has to catch up in development and avoid the excessive weakening of his king's
position at the same time.} 17... Bb7 {looks quite natural, but then} 18. exf6+
{followed by f4-f5 is annoying. 17...f5 is another possibility, but Kamsky may
have feared that any ending may be dangerous for him because of the white
passed pawn. The idea of the text move is to keep the e6- and f5-squares well
defended, while preparing the connection of rooks. Its only obvious drawback
is that it leaves the extra-pawn undefended.}) (17... fxe5 18. fxe5 $32 {
prematurely establishes a contact between the enemy major pieces, at a moment
when Black is underdeveloped yet.}) ({Frits is enthusiastic about} 17... Qd5 {
, which is not easy to refute. I assume it is not easy to decide for such a
move, which offers White the possibility of making a series of attacking moves,
with the increased risk of overlooking something with Black, especially if he
had not studied it at home. Here is a draft variation liquidating to a draw 
(although I do not trust it for Black entirely).} 18. exf6+ Rxf6 19. Ng3 Nc4
20. Bxc4 Qxc4 21. Rac1 Qd5 22. f5 Bxf5 23. Rxf5 Rxf5 24. Nxf5+ Qxf5 25. Qxd4+
Kg8 26. Qc4+ Qf7 27. Qxf7+ Kxf7 28. Rc7+ $11 {The passivity of the a8-rook
compensates for the extra pawn and a draw is the most likely result.}) 18.
exf6+ ({It was Topalov's turn to think for a long time. He decided to put his
money on the attack, probably fearing that} 18. Nxd4 Nc6 {would lead to early
simplifications and a draw.} 19. Be4 (19. Nf3 Bg4 $5) 19... Nxd4 20. Bxa8 (20.
Qxd4 Bb5 $11) 20... Bb5 21. Rf2 Ne2+ 22. Rxe2 Bxe2 $11 {White cannot avoid
complete simplifications. One important point is that the immediate capture on
e2 is impossible} 23. Qxe2 $4 Qd4+ $1 $19 {Topalov's move will eventually lead
to the same result, but, to the public's delight, after a very interesting
fight. We can also infer that Kamsky reacted quite well to the opening
surprise.}) 18... Qxf6 19. Ng3 Kh8 20. f5 gxf5 21. Bxf5 Bxf5 22. Rxf5 Qd6 23.
Raf1 Nc6 {After the knight's return into play, White's attacking chances
become questionable.} 24. Ne4 Qe7 25. Qh6 Rxf5 26. Rxf5 Ne5 27. h3 Ng6 28. Rh5
({The apparently dangerous} 28. Ng5 $2 {can be met by} Rc8 $1 {when continuing
with the attacking operations with} 29. Rf7 $2 {would lead to disaster after}
Rc1+ 30. Kh2 Qe5+ {. Topalov's move has the advantage that it keeps the
e5-square under control, restricting Black's counter-attacking chances. Oh,
and it creates the annoying threats of Nf6 or Qxg6!}) 28... Rg8 ({After this
move, the game will enter the drawish zone more or less by force. The more
exotic try} 28... Kg8 $5 {would probably have led to the same result after} 29.
Nf6+ Qxf6 30. Qxh7+ Kf8 31. Rh6 Rc8 32. Rxg6 Rc1+ 33. Kh2 Qe5+ 34. Rg3 Rc3 35.
Qg8+ Ke7 36. h4 {Black's king is too exposed to entitle him aspire to an
advantage.}) 29. Nf6 Rg7 30. Nxh7 $1 {After this exchange operation, perpetual
check becomes the most likely result.} Rxh7 31. Qxg6 Qe3+ 32. Kf1 Qc1+ 33. Kf2
Qd2+ 34. Kg3 Qe3+ 35. Kh2 Qf4+ 36. Kg1 Qc1+ 1/2-1/2

[Event "Sofia MTel Masters 2nd"]
[Site "Sofia"]
[Date "2006.05.17"]
[Round "6"]
[White "Topalov, Veselin"]
[Black "Svidler, Peter"]
[Result "0-1"]
[WhiteElo "2804"]
[BlackElo "2743"]
[Annotator "Marin,M"]
[PlyCount "122"]
[EventDate "2006.05.11"]
[EventType "tourn"]
[EventRounds "10"]
[EventCountry "BUL"]
[EventCategory "20"]
[SourceTitle "CBM 113"]
[Source "ChessBase"]
[SourceDate "2006.07.31"]
[SourceVersion "1"]
[SourceVersionDate "2006.07.31"]
[SourceQuality "1"]

1. d4 Nf6 2. c4 g6 3. Nc3 d5 {In spite of the small disaster from Morelia and
Linares, Svidler remains faithfull to his beloved Gruenfeld. His persistence
will be fully rewarded.} 4. cxd5 Nxd5 5. e4 Nxc3 6. bxc3 Bg7 7. Bc4 c5 8. Ne2
Nc6 9. Be3 O-O 10. O-O Qc7 ({Black chooses one of the oldest systems of
development, employed by such players like Botvinnik and Fischer. Of course,
the forced variations arising after} 10... Bg4 11. f3 Na5 {would entirely suit
Topalov's style of play (and home preparation).}) ({In Linares, Svidler tried} 
10... Na5 {against the same opponent, but failed to solve the opening problems.
}) 11. Rc1 Rd8 12. Bf4 ({This move started becoming very popular in the late
eighties. Previously,} 12. Qd2 {was considered to be the main move. The
greatest specialist of the past with this system, Boris Spassky, always played
f4 in this variation, immediately or after such preparatory moves as 12.h3 or
12.Qe1. Quite successfully, I must say, since he twice inflicted two painfull
defeats to his successor to the champion's throne: Robert Fischer.}) 12... Qd7
13. d5 Na5 14. Bd3 {The black knight certainly looks awkward on a5, but Black
plans to make the d6-square available for it, by either ...e5 or ...e6 and ...
exd5.} b5 15. Rb1 a6 16. c4 ({A novelty by Topalov and, possibly, not a very
adequate one! The knight is allowed to get into play without having to spend
additional time. The main continuation is} 16. Qc1 {, removing the queen from
the d-file and taking two important dark diagonals under observation (in view
of the possible threats Bh6 and Qa3).}) 16... e6 17. Bg5 Re8 18. Qd2 (18. cxb5
exd5 {would allow Black obtain strong counterplay in the centre.}) 18... Nxc4
19. Bxc4 bxc4 20. d6 {If White will manage to consolidate this pawn, his
chances would be obviously better, but this will not happen.} Bb7 21. Qe3 f6
22. Bh4 g5 23. Bg3 f5 {This is the kind of positions where we can see why one
likes to play the Gruenfeld. The position is very hard to control by White.}
24. Qxg5 Bxe4 25. Rb6 Qd8 $1 ({By exchanging the queens, Black avoids any
dangers regarding the slightly exposed position of his king.} 25... Bd3 {
would be less clear after, say,} 26. Re1 e5 27. Nc3 {followed by Nd5.}) 26.
Qxd8 Raxd8 27. Rd1 Rd7 {It becomes clear now that Black has a big advantage.
His powerfull pair of bishops control the numerous weak square available in
White's camp, while the c-pawns are not easy to block.} 28. f3 Bc2 29. Re1 Bd3
30. Rxa6 c3 31. Ra3 Bxe2 32. Rxe2 Rb8 33. Rb3 Rxb3 34. axb3 Kf7 35. Kf1 Rb7 36.
Ra2 Bf6 37. Ke2 c4 $1 {Ths simplest. Black wins material now.} 38. b4 Rxb4 39.
Ra7+ Kg6 40. Rc7 c2 41. Kd2 f4 42. Be1 Rb1 43. Rxc4 Rd1+ 44. Kxc2 Rxe1 45. Rxf4
Re2+ 46. Kd3 Re5 47. Rg4+ Kf7 48. Ra4 Rd5+ 49. Ke3 Rxd6 50. Ra7+ Kg6 {This
ending is not easy to win yet. With his next move, Topalov simplifies his
opponent's technical task.} 51. Kf4 $2 {He should have removed the rook from
the exposed a7-square.} Rd4+ 52. Kg3 ({After} 52. Ke3 Rh4 {(threatening ...
Bd4+)} 53. Ra6 Rxh2 54. Rxe6 Rxg2 {the presence of rooks on board ensures a
win, in spite of the fact that the promoting h1-square is not controlled by
the bishop.}) 52... Bh4+ 53. Kh3 Bf2 {With the brutal threat of mate in onw.}
54. g3 Rh4+ $1 {After the exchange of rooks, Black wins easily.} 55. Kxh4 Bxa7
56. Kh3 Kf5 57. Kg2 Be3 58. Kh3 Ke5 59. Kg4 Bg1 60. h4 Bf2 61. h5 h6 0-1